000
00281nam a22001097a 4500
008
170111b xxu||||| |||| 00| 0 eng d
020
_a
0395296447
041
_a
eng
080
_a
618.2
245
_a
TEST BANK/NURSING: A HUMAN NEEDS APPROACH
_c
ELLIS & NOWLIS & BENTZ
942
_2
udc
_c
BK
999
_c
2687
_d
2687